000
003220000a22001450004500
003
MACL
040
_a
MACL
090
_c
6450
_d
6449
100
_a
Sahai, Malti
245
_a
Raj Kapoor's Films
_b
Harmony of Discourses
260
_b
Vikas Publishing House
_c
1988
350
_a
295
650
_a
Biography
942
_c
BOOK
_k
920
999
_c
6402
_d
6402